000 00585nam a22001815i 4500
001 48606
003 ES-MaACL
005 20250730063101.0
007 t|
008 950726s1817 fr ||||1| fre d
040 _aCAM
_bspa
_cCAM
100 1 _aDestutt de Tracy, Antoine-Louis-Claude,
_d1754-1836
_9126781
245 1 0 _aPrincipes logiques ou recueil de faits relatifs a l'intelligence humaine /
_cpar Destutt, comte de Tracy.
260 _aParis :
_bVve. Courcier,
_c1817.
300 _aVIII, 101 p. ;
_c23 cm.
852 _aES-MaACL
_jT-187-F-3
999 _c48606
_d48606